Definición, selección y distribución espacial de objetos de conservación de filtro fino (especies) es esquema de monitoreo y apoyo en la discusión de amenazas, lineamiento y mejores prácticas y apoyo en la aplicación de la metodología sobre equivalencias y compensaciones (Registro nro. 7066)

Detalles MARC
000 -CABECERA
Campo de control 00677nam a2200169 a 4500
005 - FECHA Y HORA DE LA ULTIMA TRANSACCION
Campo de control 20150113093811.0
008 - ELEMENTOS DE LONGITUD FIJA—INFORMACION GENERAL
Campo de control 140217b2009 ck ||||| |||| 00| 0 spa d
040 ## - FUENTE DE CATALOGACIÓN
Agencia catalogadora original CO-BoIAVH
Agencia transcriptora CO-BoIAVH
041 ## - IDIOMA
Código de idioma para texto/pista de sonido o título separado Español
044 ## - PAÍS DE PUBLICACIÓN
País de publicación Colombia
090 ## - CLASIFICACIÓN LOCAL
Colección IAVH
Consecutivo 01363
100 ## - ASIENTO PRINCIPAL--NOMBRE PERSONAL
Nombre personal Pedraza Peñaloza, Carlos Alberto
245 ## - MENCION DE TITULO
Título Definición, selección y distribución espacial de objetos de conservación de filtro fino (especies) es esquema de monitoreo y apoyo en la discusión de amenazas, lineamiento y mejores prácticas y apoyo en la aplicación de la metodología sobre equivalencias y compensaciones
260 ## - PUBLICACION, DISTRIBUCION, ETC. (PIE DE IMPRENTA)
Lugar de publicación, distribución, etc. Bogotá
Nombre del editor, distribuidor, etc. IAVH
Fecha de publicación, distribución, etc. 2009
300 ## - DESCRIPCION FISICA
Extensión 66 h.
942 ## - ELEMENTOS ADICIONALES (KOHA)
Tipo de ítem Informe Técnico
Sistema de clasificación Local
Existencias
Withdrawn status Lost status Sistema de Clasificación Damaged status No para préstamo Colección Inventariado Ubicación Permanente Ubicación actual Fecha de adquisición Total Checkouts Número topográfico Inventario / Código de Barras Date last seen Date checked out Ejemplar Price effective from Forma de adquisición Tipo de material
    Local     Humboldt Inventariado 2017 Bogotá Bogotá   1 IAVH-01363 027278 09/08/2024 04/10/2018 Ej. 1 04/12/2012   Informe Técnico